Normal view
MARC view
Entry Topical Term
001 - CONTROL NUMBER
- control field: 26350
003 - CONTROL NUMBER IDENTIFIER
- control field: OSt
005 - DATE AND TIME OF LATEST TRANSACTION
- control field: 20230620100403.0
008 - FIXED-LENGTH DATA ELEMENTS
- fixed length control field: 230620|| aca||aabn | a|a d
040 ## - CATALOGING SOURCE
- Original cataloging agency: OSt
- Transcribing agency: OSt
150 ## - HEADING--TOPICAL TERM
- Topical term or geographic name entry element: ၵၢၼ်ၼင်ႈတြႃး(ဝိပသ်ႉသၼႃႇ)
670 ## - SOURCE DATA FOUND
- Source citation: Work cat.: (OSt): ပူႇထီး ဝိၸိတ်တထမ်မ၊ ၸဝ်ႈ။ 26349, ၶၢဝ်းတၢင်းၸဝ်ႈပူႇထီး /, 2010 ။